[Event "BRA-ch Seniors 50+"]
[Site "Sao Paulo"]
[Date "2019.10.13"]
[Round "5"]
[White "Yasuda, Osvaldo Makoto"]
[Black "Passos Coutinho, Eduardo"]
[Result "0-1"]
[WhiteElo "1303"]
[BlackElo "1662"]
[PlyCount "86"]
[EventDate "2019.10.11"]
[EventType "swiss"]
[EventRounds "5"]
[EventCountry "BRA"]
[SourceTitle "CBM 193 Extra"]
[Source "ChessBase"]
[SourceDate "2020.01.31"]
[SourceVersion "1"]
[SourceVersionDate "2020.01.31"]
[SourceQuality "1"]

1. e4 c5 2. Nf3 g6 3. Bc4 Bg7 4. c3 Qc7 5. d3 Nf6 6. Bg5 d6 7. Nbd2 0-0 8. 0-0 Nc6 9. Re1 a6 10. Rc1 b5 11. Bb3 Bb7 12. Nf1 a5 13. a3 Rfd8 14. Ne3 e6 15. Nh4 h6 16. Bxf6 Bxf6 17. Qg4 Ne5 18. Qd1 Bxh4 19. g3 Bf6 20. f4 Nd7 21. Ng4 Bg7 22. Ba2 Nf6 23. Nf2 c4 24. Bb1 cxd3 25. Bxd3 Qc5 26. Qb3 Ng4 27. Rc2 Nxf2 28. Rxf2 Bc6 29. Kf1 Rab8 30. Rc2 d5 31. e5 Bf8 32. Rcc1 Rdc8 33. Qd1 Bd7 34. b4 axb4 35. axb4 Qb6 36. Qg4 Kg7 37. h4 h5 38. Qg5 Qd8 39. Qxd8 Rxd8 40. Ra1 Ra8 41. Ra5 Rdc8 42. Rea1 Rxa5 43. bxa5 Rxc3 0-1

[Event "Sao Paulo Carnaval op"]
[Site "Sao Paulo"]
[Date "2019.03.02"]
[Round "2"]
[White "Soares, Renan Barbosa Monte"]
[Black "Yasuda, Osvaldo Makoto"]
[Result "1-0"]
[WhiteElo "1983"]
[BlackElo "1270"]
[PlyCount "87"]
[EventDate "2019.03.02"]
[EventType "swiss"]
[EventRounds "7"]
[EventCountry "BRA"]
[SourceTitle "EXT 2020"]
[Source "ChessBase"]
[SourceDate "2019.10.17"]
[SourceVersion "1"]
[SourceVersionDate "2019.10.17"]
[SourceQuality "1"]

1. d4 Nf6 2. c4 e6 3. Nf3 d5 4. Bg5 Be7 5. Nc3 Nc6 6. e3 h6 7. Bh4 Ne4 8. Bxe7 Nxc3 9. Bxd8 Nxd1 10. Bxc7 Nxb2 11. cxd5 exd5 12. Bb5 Bd7 13. Rb1 Nc4 14. Bxc4 dxc4 15. Rxb7 0-0 16. 0-0 Nd8 17. Bxd8 Rfxd8 18. Ne5 Be6 19. Nc6 Rd7 20. Rb2 Rc8 21. Ne5 Rdc7 22. f3 f6 23. Ng6 Bf5 24. Nf4 c3 25. Rb4 c2 26. Rc1 Rc3 27. e4 Be6 28. d5 Bf7 29. Kf2 g5 30. Ne2 Rd3 31. Rb2 Be8 32. Rbxc2 Rxc2 33. Rxc2 Ba4 34. Rb2 a6 35. Ng3 Kf7 36. Nf5 Bb5 37. Rc2 Ba4 38. Rc7+ Ke8 39. Ng7+ Kd8 40. Ne6+ Ke8 41. Ra7 Rd2+ 42. Ke3 Rxg2 43. d6 Bb5 44. Re7# 1-0

[Event "Sao Paulo Carnaval op"]
[Site "Sao Paulo"]
[Date "2019.03.02"]
[Round "1"]
[White "Yasuda, Osvaldo Makoto"]
[Black "Baeta, Marcio Netto"]
[Result "1-0"]
[WhiteElo "1270"]
[BlackElo "1928"]
[PlyCount "69"]
[EventDate "2019.03.02"]
[EventType "swiss"]
[EventRounds "7"]
[EventCountry "BRA"]
[SourceTitle "EXT 2020"]
[Source "ChessBase"]
[SourceDate "2019.10.17"]
[SourceVersion "1"]
[SourceVersionDate "2019.10.17"]
[SourceQuality "1"]

1. e4 e5 2. Nf3 Nc6 3. Bc4 Qe7 4. Nc3 Nd8 5. Nd5 Qd6 6. d4 f6 7. 0-0 c6 8. dxe5 Qb8 9. Nf4 fxe5 10. Nd3 d6 11. Ng5 Nf6 12. f4 h6 13. fxe5 dxe5 14. Nf3 Bd6 15. Be3 Be6 16. Bb3 0-0 17. Qe2 Bxb3 18. axb3 Ne6 19. Nf2 b5 20. Nh4 Bc5 21. Bxc5 Nxc5 22. Nf5 Qb6 23. Kh1 Kh7 24. Qf3 g6 25. Ne7 Ng8 26. Qg3 Nxe7 27. Qxe5 Rae8 28. Rae1 Nd5 29. Qd6 Re6 30. Qxf8 Rf6 31. Qc8 Ne7 32. Qe8 Ng8 33. Ng4 Re6 34. Rf7+ Kh8 35. Qf8 1-0

[Event "Sao Paulo Moyses Memorial"]
[Site "Sao Paulo"]
[Date "2019.01.26"]
[Round "2"]
[White "Yasuda, Osvaldo Makoto"]
[Black "De Moura, Sergio Jovelino"]
[Result "0-1"]
[WhiteElo "1270"]
[BlackElo "2019"]
[PlyCount "94"]
[EventDate "2019.01.26"]
[EventType "swiss"]
[EventRounds "5"]
[EventCountry "BRA"]
[SourceTitle "CBM 188 Extra"]
[Source "ChessBase"]
[SourceDate "2019.02.26"]
[SourceVersion "1"]
[SourceVersionDate "2019.02.26"]
[SourceQuality "1"]

1. e4 c5 2. Nf3 d6 3. Bb5+ Nd7 4. d4 cxd4 5. Nxd4 Ngf6 6. Nc3 e6 7. Bg5 Be7 8. Nf3 Qc7 9. 0-0 0-0 10. Re1 h6 11. Bh4 a6 12. Bd3 Nc5 13. Rc1 b5 14. b4 Ncd7 15. Ne2 Bb7 16. Ned4 Rfc8 17. c4 bxc4 18. Rxc4 Qb6 19. Qb3 Rxc4 20. Qxc4 d5 21. exd5 Bxd5 22. Qc2 Qxb4 23. Rb1 Qc5 24. Nb3 Qxc2 25. Bxc2 g5 26. Bg3 Nh5 27. Bd3 Nxg3 28. hxg3 a5 29. a4 Rb8 30. Bb5 Nc5 31. Nfd2 Nxb3 32. Nxb3 Bb4 33. f3 Rc8 34. Kh2 e5 35. Nc1 Rc2 36. Be2 Ba3 37. Rb5 Bc6 38. Rxe5 Bxc1 39. Bd1 Rd2 40. Re1 Ba3 41. Kh3 Bd7+ 42. g4 Rd4 43. Bc2 Bxa4 44. Be4 Bb4 45. Rc1 Bb3 46. Rc6 Kg7 47. Rb6 a4 0-1

[Event "Sao Paulo STD U2200 op 3rd"]
[Site "Sao Paulo"]
[Date "2018.10.12"]
[Round "2"]
[White "Graziani, Sergio Tadeu Gnone"]
[Black "Yasuda, Osvaldo Makoto"]
[Result "1/2-1/2"]
[WhiteElo "1880"]
[BlackElo "1324"]
[PlyCount "69"]
[EventDate "2018.10.12"]
[EventType "swiss"]
[EventRounds "6"]
[EventCountry "BRA"]
[SourceTitle "EXT 2021"]
[Source "ChessBase"]
[SourceDate "2020.10.23"]
[SourceVersion "1"]
[SourceVersionDate "2020.10.23"]
[SourceQuality "1"]

1. d4 Nf6 2. Nf3 g6 3. Bg5 Bg7 4. Nc3 d5 5. Qd2 Nc6 6. Bh6 0-0 7. Bxg7 Kxg7 8. a3 Bf5 9. Nh4 Qd7 10. Nxf5+ Qxf5 11. e3 e5 12. Bd3 Qe6 13. Be2 Rfe8 14. 0-0 Rad8 15. Rae1 exd4 16. exd4 Ne4 17. Qd3 Qf6 18. f3 Ng5 19. Bd1 Ne6 20. Ne2 Ncxd4 21. Nxd4 Qxd4+ 22. Qxd4+ Nxd4 23. c3 Nf5 24. Ba4 c6 25. Kf2 Kf6 26. g4 Nd6 27. Bb3 Re7 28. Rxe7 Kxe7 29. Re1+ Kf6 30. h4 Re8 31. g5+ Kf5 32. Bc2+ Kf4 33. Rg1 Nc4 34. Rg4+ Ke5 35. Rg1 1/2-1/2

[Event "Sao Paulo STD U2200 op 2nd"]
[Site "Sao Paulo"]
[Date "2018.09.09"]
[Round "5"]
[White "Yasuda, Osvaldo Makoto"]
[Black "Maraz, Ricardo"]
[Result "0-1"]
[WhiteElo "1304"]
[BlackElo "1627"]
[PlyCount "98"]
[EventDate "2018.09.08"]
[EventType "swiss"]
[EventRounds "6"]
[EventCountry "BRA"]
[SourceTitle "EXT 2021"]
[Source "ChessBase"]
[SourceDate "2020.10.23"]
[SourceVersion "1"]
[SourceVersionDate "2020.10.23"]
[SourceQuality "1"]

1. e4 e5 2. Nf3 Nc6 3. Bc4 Nf6 4. d3 Bc5 5. Bg5 h6 6. Bh4 d6 7. Nc3 Bg4 8. h3 Bh5 9. g4 Bg6 10. Nd5 a6 11. Nxf6+ gxf6 12. Qd2 Bb4 13. c3 Ba5 14. b4 Bb6 15. 0-0-0 Na7 16. a4 c5 17. a5 Bc7 18. Bd5 cxb4 19. cxb4 Rb8 20. Qa2 Nb5 21. Kd2 Ke7 22. Rc1 Qd7 23. Rc4 Rhc8 24. Rhc1 Bd8 25. Ke3 Nc7 26. R4c2 Nxd5+ 27. Qxd5 b6 28. d4 Rxc2 29. Rxc2 bxa5 30. bxa5 Qa4 31. Bxf6+ Ke8 32. Qc6+ Qxc6 33. Rxc6 Bxf6 34. Rxd6 exd4+ 35. Nxd4 Bxd4+ 36. Rxd4 Rb5 37. Ra4 Rb3+ 38. Kd4 Rxh3 39. f4 Rh4 40. f5 Bh7 41. Ke5 Rxg4 42. Rd4 Ke7 43. f6+ Ke8 44. Rd6 Rxe4+ 45. Kd5 Re6 46. Rb6 Be4+ 47. Kc5 Rxb6 48. axb6 h5 49. Kd4 Bb7 0-1

[Event "BRA-ch Amateur U1600"]
[Site "Sao Paulo"]
[Date "2018.06.03"]
[Round "7"]
[White "Barberi, Catarina"]
[Black "Yasuda, Osvaldo Makoto"]
[Result "0-1"]
[WhiteElo "1223"]
[BlackElo "1304"]
[PlyCount "112"]
[EventDate "2018.05.31"]
[EventType "swiss"]
[EventRounds "7"]
[EventCountry "BRA"]
[SourceTitle "EXT 2021"]
[Source "ChessBase"]
[SourceDate "2020.10.23"]
[SourceVersion "1"]
[SourceVersionDate "2020.10.23"]
[SourceQuality "1"]

1. d4 Nf6 2. c4 e6 3. Nc3 d5 4. Nf3 c5 5. e3 Nc6 6. Be2 b6 7. 0-0 Bb7 8. cxd5 Nxd5 9. Bb5 a6 10. Bxc6+ Bxc6 11. Ne5 Qc7 12. Nxc6 Qxc6 13. Qf3 Rd8 14. Ne4 Be7 15. a3 0-0 16. Bd2 Qc7 17. Nc3 Nf6 18. Ne2 cxd4 19. Rac1 Qe5 20. exd4 Qe4 21. Qxe4 Nxe4 22. Bc3 b5 23. f3 Nd6 24. b3 Nf5 25. Bd2 Bxa3 26. Rc6 Rd6 27. Rxd6 Bxd6 28. Ra1 Ra8 29. g4 Ne7 30. f4 a5 31. Be1 a4 32. bxa4 Rxa4 33. Rxa4 bxa4 34. Bd2 a3 35. Nc1 Nd5 36. f5 exf5 37. gxf5 Ne7 38. f6 gxf6 39. Na2 Nd5 40. h3 Kg7 41. Kg2 Kg6 42. Kf2 Kf5 43. Kf3 Bf4 44. Bxf4 Nxf4 45. h4 h5 46. Ke3 Ng2+ 47. Kd3 Nxh4 48. Kc4 Ng6 49. Kc5 h4 50. d5 h3 51. d6 Nf8 52. Kb6 h2 53. Kc7 Ke6 54. Nc3 h1Q 55. Kd8 Qc6 56. Nd5 Qd7# 0-1

[Event "BRA-ch Amateur U1600"]
[Site "Sao Paulo"]
[Date "2018.05.31"]
[Round "1"]
[White "Giacomel, Alexandre"]
[Black "Yasuda, Osvaldo Makoto"]
[Result "1-0"]
[WhiteElo "1568"]
[BlackElo "1304"]
[PlyCount "47"]
[EventDate "2018.05.31"]
[EventType "swiss"]
[EventRounds "7"]
[EventCountry "BRA"]
[SourceTitle "EXT 2021"]
[Source "ChessBase"]
[SourceDate "2020.10.23"]
[SourceVersion "1"]
[SourceVersionDate "2020.10.23"]
[SourceQuality "1"]

1. e4 e5 2. Nf3 Nc6 3. Bc4 Bc5 4. c3 Nf6 5. d4 exd4 6. e5 Qe7 7. cxd4 Bb4+ 8. Nc3 0-0 9. 0-0 Ng4 10. Nd5 Qd8 11. h3 Nh6 12. Nf6+ gxf6 13. Bxh6 fxe5 14. Qb3 Qf6 15. Bxf8 Bxf8 16. Nxe5 Nxe5 17. dxe5 Qg6 18. f4 d6 19. Rf3 Bg7 20. Rg3 Qf5 21. Rf1 b6 22. Rg5 Qd7 23. Qg3 Qe8 24. Rxg7+ 1-0

[Event "Sao Paulo op-C U1700 7th"]
[Site "Sao Paulo"]
[Date "2018.04.01"]
[Round "5"]
[White "Yasuda, Osvaldo Makoto"]
[Black "Cordioli, Joao Pedro Ribeiro"]
[Result "1-0"]
[WhiteElo "1318"]
[BlackElo "1756"]
[PlyCount "55"]
[EventDate "2018.03.30"]
[EventType "swiss"]
[EventRounds "6"]
[EventCountry "BRA"]
[SourceTitle "EXT 2021"]
[Source "ChessBase"]
[SourceDate "2020.10.23"]
[SourceVersion "1"]
[SourceVersionDate "2020.10.23"]
[SourceQuality "1"]

1. e4 e5 2. Nf3 Nf6 3. Nxe5 Nxe4 4. Qe2 d5 5. d3 Bd6 6. Nf3 0-0 7. dxe4 dxe4 8. Nfd2 Re8 9. Nc4 Bc5 10. Be3 Qd5 11. Nc3 Bb4 12. Bd2 Qd4 13. 0-0-0 Be6 14. Nxe4 Bxc4 15. Qxc4 Bxd2+ 16. Nxd2 Qxf2 17. Qxc7 Na6 18. Qxb7 Nc5 19. Qf3 Qd4 20. Bc4 Rab8 21. Qxf7+ Kh8 22. Nb3 Qe3+ 23. Kb1 a5 24. Nxc5 Qa3 25. Bb3 Qxc5 26. Rhe1 Re5 27. Qf4 Rxe1 28. Qxb8+ 1-0